| 000 | 00738nam a22002057a 4500 | ||
|---|---|---|---|
| 005 | 20231129125955.0 | ||
| 010 | _aENG-138482 | ||
| 020 |
_a9789354425134 _c1495.00 |
||
| 035 | _aEN-122014 | ||
| 037 | _bDBAD/PUB | ||
| 082 | _a210.14 | ||
| 245 |
_aExplorations in Colonial Bengal: _bEssays on Religion, Society and Culture/ _cEdited By Achintya Kumar Dutta and Forward By Amiya P Sen |
||
| 250 | _aFirst | ||
| 260 |
_aHyderabad _bOrient Blackswan Private Limited _c2023 |
||
| 270 |
_a3-6-752, Himayatnagar _bHyderabad _e500029 _minfo@orientblackswan.com |
||
| 300 |
_a350p. _c22cm(pbk) |
||
| 700 |
_aDutta, Achintya Kumar _eEditor _959191 |
||
| 700 |
_aSen, Amiya P _eForward _959192 |
||
| 942 |
_2ddc _cEN _h210.14 _mEXP |
||
| 999 |
_c199304 _d199304 |
||